000 00452nam a2200169Ia 4500
003 GCL
008 140319s9999 xx 000 0 eng d
040 _aGCL /
_cGCL
082 0 4 _a860
_bL Z
100 1 _aLORCA, FEDERICO
245 1 0 _aI. LA ZAPATERA PRODIGIOSA II. FIN DE FIESTA /
_cLORCA, FEDERICO
260 _a[S.N] :
_bA LIANZA EDITORIAL ،
_c1987
300 _a213 P
650 0 4 _aLITERATURE
650 0 4 _aFRENCH LITERATURE
942 _2ddc
_cBK
999 _c12754
_d12754